Cheshire and Burn's modern law of real property / (Record no. 3836)
[ view plain ]
| 000 -LEADER | |
|---|---|
| fixed length control field | 00805cam a22002412 4500 |
| 001 - CONTROL NUMBER | |
| control field | 0000018927 |
| 005 - DATE AND TIME OF LATEST TRANSACTION | |
| control field | 20151217145909.0 |
| 008 - FIXED-LENGTH DATA ELEMENTS--GENERAL INFORMATION | |
| fixed length control field | 100816s xx 000 0 eng d |
| 020 ## - INTERNATIONAL STANDARD BOOK NUMBER | |
| International Standard Book Number | 0199285334 |
| 040 ## - CATALOGING SOURCE | |
| Original cataloging agency | KABU |
| Transcribing agency | KABU |
| 100 1# - MAIN ENTRY--PERSONAL NAME | |
| Personal name | Burn, E. H. |
| -- | 0000177801 |
| 245 10 - TITLE STATEMENT | |
| Title | Cheshire and Burn's modern law of real property / |
| Statement of responsibility, etc. | E. H. Burn, J. Cartwright. |
| 250 ## - EDITION STATEMENT | |
| Edition statement | 17th ed. |
| 260 ## - PUBLICATION, DISTRIBUTION, ETC. (IMPRINT) | |
| Place of publication, distribution, etc. | Oxford : |
| Name of publisher, distributor, etc. | O. U. P., |
| Date of publication, distribution, etc. | 2006. |
| 300 ## - PHYSICAL DESCRIPTION | |
| Extent | cxxi, 1091 p. |
| 650 #0 - SUBJECT ADDED ENTRY--TOPICAL TERM | |
| Topical term or geographic name as entry element | Real property |
| Geographic subdivision | Great Britain. |
| -- | 0000158265 |
| 700 1# - ADDED ENTRY--PERSONAL NAME | |
| Personal name | Cartwright, John. |
| -- | 0000177803 |
| 700 1# - ADDED ENTRY--PERSONAL NAME | |
| Personal name | Cheshire, Geoffrey Chevalier. |
| -- | 0000178411 |
| 852 1# - LOCATION | |
| -- | p5590 KES |
| 852 1# - LOCATION | |
| -- | p5590 KES |
| 908 ## - PUT COMMAND PARAMETER (RLIN) | |
| Put command parameter | 100816 |
| 950 ## - LOCAL HOLDINGS (RLIN) | |
| -- | 1 |
| Withdrawn status | Lost status | Source of classification or shelving scheme | Not for loan | Home library | Current library | Date acquired | Total Checkouts | Full call number | Barcode | Date last seen | Date last checked out | Price effective from | Koha item type |
|---|---|---|---|---|---|---|---|---|---|---|---|---|---|
| Library of Congress Classification | Kabarak, Main Campus | Kabarak, Main Campus | 17/12/2015 | 1 | KD829 .B87 2006 c. 1 | 24081 | 27/06/2019 | 11/06/2019 | 17/12/2015 | General Collection | |||
| Library of Congress Classification | Kabarak, Main Campus | Kabarak, Main Campus | 17/12/2015 | 3 | KD829 .B87 2006 c. 2 | 24082 | 04/10/2024 | 23/09/2024 | 17/12/2015 | General Collection |